LEADER 01099nam a2200265 i 4500 001 991002499639707536 008 070530s1998 it a c 000 0 ita 020 $a8885897622 035 $ab13536655-39ule_inst 040 $aDip.to Beni Arti e Storia$bita 082 0 $a759.5074457511 100 $aPinacoteca provinciale $00 245 3$aLa Pinacoteca provinciale di Bari :$bopere dall'11. al 18. secolo /$ca cura di Clara Gelao 260 $aRoma :$bArgos,$c1998 300 $aXXXI, 286 p. :$bill. ;$c27 cm 440 0$aMusei ;$v1 500 $aIn testa al front.: Ministero per i beni culturali e ambientali, Istituto centrale per il catalogo e la documentazione; Provincia di Bari. 650 4$aBari$xPinacoteca provinciale$xCataloghi 700 1 $aGelao, Clara 907 $a.b13536655$b30-05-07$c30-05-07 912 $a991002499639707536 945 $aLE019 A26 AR E 23$g1$i2019000048187$lle019$o-$pE0.00$q-$rl$s- $t0$u0$v0$w0$x0$y.i1446763x$z30-05-07 996 $aPinacoteca provinciale di Bari$9293118 997 $aUNISALENTO 998 $ale019$b30-05-07$cm$da $e-$fita$git $h3$i0 LEADER 01737oam 2200457z 450 001 9910164694903321 005 20230328224226.0 010 $a9780803150010 010 $a0803150016 035 $a(CKB)3170000000045342 035 $a(SSID)ssj0001184153 035 $a(PQKBManifestationID)11634876 035 $a(PQKBTitleCode)TC0001184153 035 $a(PQKBWorkID)11196003 035 $a(PQKB)11266438 035 $a(EXLCZ)993170000000045342 100 $a20160829h19871987 uy 0 101 0 $aeng 181 $ctxt$2rdacontent 182 $cc$2rdamedia 183 $acr$2rdacarrier 200 00$aComputerized quantitative infrared analysis $ea symposium sponsored by ASTM Committee E-13 on Molecular Spectroscopy and Federation of Analytical Chemistry and Spectroscopy Societies (FACSS), Philadelphia, PA, 18 Sept. 1984 /$feditor, Gregory L. McClure 210 31$aPhiladelphia :$cASTM,$d1987 210 4$aŠ1987 215 $a1 online resource (186 pages) $cillustrations 225 0 $aASTM special technical publication Computerized quantitative infrared analysis 300 $aBibliographic Level Mode of Issuance: Monograph 311 08$a9780803109292 311 08$a0803109296 410 0$aASTM special technical publication 606 $aInfrared spectroscopy$xData processing$vCongresses 615 0$aInfrared spectroscopy$xData processing 676 $a543/.08583 702 $aMcClure$b Gregory L. 712 02$aASTM Committee E-13 on Molecular Spectroscopy, 712 02$aFederation of Analytical Chemistry and Spectroscopy Societies, 801 0$bPQKB 906 $aBOOK 912 $a9910164694903321 996 $aComputerized quantitative infrared analysis$93066903 997 $aUNINA